| 000 | 01708nam a22002777a 4500 | ||
|---|---|---|---|
| 999 |
_c59379 _d59379 |
||
| 003 | Ge_BSU | ||
| 005 | 20230201120730.0 | ||
| 008 | 230201s2003 ge ||||| |||| 00| 0 geo d | ||
| 020 | _a9992807482 | ||
| 041 | _ageo | ||
| 080 | _a342.4 შ-16 | ||
| 100 |
_aშაიო, ანდრაშ _916849 |
||
| 245 |
_aხელისუფლების თვითშეზღუდვა : _b კონსტიტუციონალიზმის შესავალი / _cმთარგმნ.: მარინა მაისურაძე ; სტივენ ჰოლმსის წინათქმით ; მეცნ. რედ. და წინათქმა თევდორე ნინიძისა ; რედ.: მაია მენაღარიშვილი. |
||
| 264 |
_aთბილისი : _bაირის საქართველო, _c2003. |
||
| 300 |
_a358გვ. ; _b24სმ. |
||
| 501 | _aპარალ. თავფ. ინგლ. ენ. | ||
| 504 | _a ბიბლიოგრ. ტექსტის შენიშვნებში. | ||
| 653 | _aკონსტიტუციური სამართალი | ||
| 653 | _aსახელმწიფო სამართალი | ||
| 653 | _aკონსტიტუციონალიზმი | ||
| 653 | _aპარლამენტარიზმი | ||
| 653 | _aაღმასრულებელი ხელისუფლება | ||
| 700 |
_aმაისურაძე, მარინა _eმთარგმნელი _913256 |
||
| 700 |
_a მენაღარიშვილი, მაია _eრედაქტორი _916850 |
||
| 942 |
_2udc _cBK |
||